| 000 | 00465nam a2200157Ia 4500 | ||
|---|---|---|---|
| 003 | SGT | ||
| 020 | _a8120000269 | ||
| 082 |
_a621.26 _bLAL |
||
| 100 | _aLal,Jagdish | ||
| 245 | _aHydraulic machines | ||
| 260 |
_bMetropolitan book Co. Private Ltd. _aNew Delhi _c2013 |
||
| 300 | _a585p. | ||
| 650 | _aCIVIL ENGINEERING | ||
| 653 | _aDYNAMIC ACTION OF FLUID, WHIRLING FLUIDS, HYDRAULIC PRIME MOVERS,TESTING AD CHARACTERISTICS OF HYDRAULIC MACHINES | ||
| 942 |
_2ddc _cBK |
||
| 999 |
_c4986 _d4986 |
||